000 00584nam a2200181 4500
001 143768
003 ES-MaACL
005 20231003130930.0
007 t|
008 070214s1951 sp r ||||1| spa d
100 1 _aSevilla Gómez, Pompeyo.
_9105938
245 1 0 _aMedio siglo de la Real Sociedad Gimnástica Española
_b: (1887-1937) /
_cpor Pompeyo Sevilla Gómez.
260 _aMadrid :
_b[s. n.],
_c1951 (
_fSilverio Aguirre)
300 _a44 p. :
_bil. ;
_c21 cm.
852 _aES-MaACL
_j1928-F-1
_bR.31128
_9148960
_cDEPOF
942 _2udc
999 _c143768
_d143768